| 000 | 00479cam a22001931 4500 | ||
|---|---|---|---|
| 001 | ne 68000502 | ||
| 003 | DLC | ||
| 005 | 20260227111838.0 | ||
| 008 | 950427s1960 ir 000 0 pero | ||
| 010 | _ane 68000502 | ||
| 035 | _a(OCoLC)32378976 | ||
| 040 |
_aDLC _cCU _dCU _dDLC |
||
| 050 | 0 | 0 |
_aPN6519.P5 _bD5 |
| 100 | 1 |
_aDihkhudā, ʻAlī Akbar, _d1879-1955. |
|
| 245 | 1 | 0 | _aAms̲āl va ḥikam. |
| 260 | _c[1960] | ||
| 300 |
_a4 v. _c25 cm. |
||
| 650 | 0 | _aProverbs, Persian. | |
| 999 |
_c50072 _d50072 |
||